000 00645nam a2200277Ia 4500
005 20260324143341.0
008 008 260324s9999 xx 000 0 eng d
020 _a9780429200298
037 _aEBOOK
040 _aCRL
040 _beng
040 _cCRL
041 _2eng
041 _aeng
084 _qCRL
100 _a Various Authors
_91007546
245 0 _aRoutledge Library Editions: Metaphysics
260 _bTaylor and Francis
260 _c1992
365 _a
365 _b1080
856 _uhttp://www.taylorfrancis.com/books/9780429200298
942 _cEBOOK
999 _c1820600
_d1820600